Basel III a jeho implementácia bakalárska práca

Guardado en:
Detalles Bibliográficos
Autor principal: Šubínová, Kristína
Autor Corporativo: Národohospodárska fakulta EU. Katedra bankovníctva a medzinárodných financií
Otros Autores: Zelenková, Natália, 1985-
Formato: Libro
Lenguaje:eslovaco
Publicado: Bratislava 2022
Etiquetas: Agregar Etiqueta
Sin Etiquetas, Sea el primero en etiquetar este registro!

MARC

LEADER 00000nbm a2200000 4500
001 0285011
005 20221006134054.1
041 0 |a slo 
044 |a SK 
245 1 0 |a Basel III a jeho implementácia  |b bakalárska práca  |c Kristína Šubínová ; školiteľ: Natália Zelenková 
264 1 |a Bratislava  |c 2022 
300 |a 50 s. 
100 1 |a Šubínová, Kristína 
700 1 |a Zelenková, Natália, 1985- 
710 2 |a Národohospodárska fakulta EU. Katedra bankovníctva a medzinárodných financií